| 000 | 00639nam a2200193Ia 4500 | ||
|---|---|---|---|
| 003 | GCL | ||
| 008 | 140319s9999 xx 000 0 ara d | ||
| 040 |
_aGCL / _cGCL |
||
| 082 | 0 | 4 |
_a621.384 _bس ع |
| 100 | 1 | _aسميث، ف جراهام | |
| 245 | 1 | 0 |
_aعلم الفلك الراديوى (اللاسلكى) / _cسميث، ف جراهام |
| 700 | 1 | _aحسن احمد احمد العشماوى (مترجم) | |
| 700 | 1 | _aمحمد رضا مدور (مراجع) | |
| 300 | _a406 | ||
| 490 |
_aالالف كتاب _v0 |
||
| 650 | 0 | 4 | _aاللاسلكى |
| 650 | 0 | 4 | _aالاتصالات السلكية واللاسلكية |
| 942 |
_2ddc _cBK |
||
| 999 |
_c43856 _d43856 |
||